Normal view
MARC view
- COMPOSITE MATERIALS-MECHANICAL PROPERTIES
Entry Topical Term
001 - CONTROL NUMBER
- control field: 68712
003 - CONTROL NUMBER IDENTIFIER
- control field: NUST
005 - DATE AND TIME OF LATEST TRANSACTION
- control field: 20210628204108.0
008 - FIXED-LENGTH DATA ELEMENTS
- fixed length control field: 210628|| aca||aabn | a|a d
040 ## - CATALOGING SOURCE
- Original cataloging agency: NUST
- Transcribing agency: NUST
150 ## - HEADING--TOPICAL TERM
- Topical term or geographic name entry element: COMPOSITE MATERIALS-MECHANICAL PROPERTIES
670 ## - SOURCE DATA FOUND
- Source citation: Work cat.: (NUST): Cristescu, Nicolaie. Dan:Craciun, Eduard-Marius:Soos, Eugen 68711, Mechanics of elastic composites, 2003
